|
|
|
|
| LEADER |
01883nam a2200433 i 4500 |
| 001 |
EBC4816215 |
| 003 |
MiAaPQ |
| 005 |
20200520144314.0 |
| 006 |
m o d | |
| 007 |
cr cnu|||||||| |
| 008 |
170315t20172017enka ob 001 0 eng d |
| 020 |
|
|
|z 9781786300089
|
| 020 |
|
|
|a 9781119388876
|q (electronic bk.)
|
| 035 |
|
|
|a (MiAaPQ)EBC4816215
|
| 035 |
|
|
|a (Au-PeEL)EBL4816215
|
| 035 |
|
|
|a (CaPaEBR)ebr11355531
|
| 035 |
|
|
|a (CaONFJC)MIL992667
|
| 035 |
|
|
|a (OCoLC)972677190
|
| 040 |
|
|
|a MiAaPQ
|b eng
|e rda
|e pn
|c MiAaPQ
|d MiAaPQ
|
| 050 |
|
4 |
|a HD61
|b .H375 2017
|
| 082 |
0 |
|
|a 332.015195
|2 23
|
| 100 |
1 |
|
|a Harlamov, Boris,
|e author.
|
| 245 |
1 |
0 |
|a Stochastic risk analysis and management /
|c Boris Harlamov.
|
| 264 |
|
1 |
|a London, England ;
|a Hoboken, New Jersey :
|b ISTE :
|b Wiley,
|c 2017.
|
| 264 |
|
4 |
|c 2017
|
| 300 |
|
|
|a 1 online resource (169 pages) :
|b illustrations, graphs.
|
| 336 |
|
|
|a text
|2 rdacontent
|
| 337 |
|
|
|a computer
|2 rdamedia
|
| 338 |
|
|
|a online resource
|2 rdacarrier
|
| 490 |
0 |
|
|a Stochastic Models in Survival Analysis and Reliability Set ;
|v Volume 2
|
| 504 |
|
|
|a Includes bibliographical references and index.
|
| 588 |
|
|
|a Description based on print version record.
|
| 590 |
|
|
|a Electronic reproduction. Ann Arbor, MI : ProQuest, 2016. Available via World Wide Web. Access may be limited to ProQuest affiliated libraries.
|
| 650 |
|
0 |
|a Risk management
|x Mathematical models.
|
| 650 |
|
0 |
|a Stochastic analysis.
|
| 655 |
|
4 |
|a Electronic books.
|
| 776 |
0 |
8 |
|i Print version:
|a Harlamov, Boris.
|t Stochastic risk analysis and management.
|d London, England ; Hoboken, New Jersey : ISTE : Wiley, c2017
|h vii, 151 pages
|k Stochastic Models in Survival Analysis and Reliability Set ; Volume 2
|z 9781786300089
|w 2016961651
|
| 797 |
2 |
|
|a ProQuest (Firm)
|
| 856 |
4 |
0 |
|u https://ebookcentral.proquest.com/lib/matrademy/detail.action?docID=4816215
|z Click to View
|